<?xml version="1.0" encoding="UTF-8"?>
<collection xmlns="http://www.loc.gov/MARC21/slim">
 <record>
  <leader>02374nam a2200229Ia 4500</leader>
  <controlfield tag="001">CTU_235579</controlfield>
  <controlfield tag="008">210402s9999    xx            000 0 und d</controlfield>
  <datafield tag="082" ind1=" " ind2=" ">
   <subfield code="a">627.42</subfield>
  </datafield>
  <datafield tag="082" ind1=" " ind2=" ">
   <subfield code="b">T406</subfield>
  </datafield>
  <datafield tag="088" ind1=" " ind2=" ">
   <subfield code="a">8580202</subfield>
  </datafield>
  <datafield tag="100" ind1=" " ind2=" ">
   <subfield code="a">Nguyễn, Ngọc Toàn</subfield>
  </datafield>
  <datafield tag="245" ind1=" " ind2="0">
   <subfield code="a">Ứng dụng mô hình SWMM đề xuất cải tạo hệ thống thoát nước nhằm giảm ngập ở quận Bình Thủy, thành phố Cần Thơ :</subfield>
  </datafield>
  <datafield tag="245" ind1=" " ind2="0">
   <subfield code="b">Luận văn tốt nghiệp Cao học ngành. Kỹ thuật Xây dựng Công trình thủy</subfield>
  </datafield>
  <datafield tag="245" ind1=" " ind2="0">
   <subfield code="c">Nguyễn Ngọc Toàn ; Nguyễn Võ Châu Ngân (cán bộ hướng dẫn)</subfield>
  </datafield>
  <datafield tag="260" ind1=" " ind2=" ">
   <subfield code="a">Cần Thơ</subfield>
  </datafield>
  <datafield tag="260" ind1=" " ind2=" ">
   <subfield code="b">Trường Đại học Cần Thơ</subfield>
  </datafield>
  <datafield tag="260" ind1=" " ind2=" ">
   <subfield code="c">2020</subfield>
  </datafield>
  <datafield tag="520" ind1=" " ind2=" ">
   <subfield code="a">Sự phát triển nhanh chóng về kinh tế - xã hội cùng với biến đổi khí hậu đã và đang đặt lên áp lực lên khả năng thoát nước đô thị và sự quản lý của các cơ quan, ban ngành. Trong đó, vấn đề ngập lụt đô thị là một trong vấn đề chính. Mục đích của nghiên cứu nhằm đánh giá khả năng thoát nước và đề xuất các giải pháp giảm ngập cho mạng lưới thoát nước đô thị tại khu vực trung tâm quận Bình Thủy, thành phố Cần Thơ. Bằng việc sử dụng phần mềm Storm Water Management Model (SWMM) mô phỏng dòng chảy nhằm mô phỏng mực nước và diễn biến dòng chảy đô thị do mưa, triều cường và hệ thống thoát nước thải chung nhằm  tìm ra những giải pháp giảm thiểu tình trạng ngập lụt và cải thiện nguồn nước ô nhiễm ở quận Bình Thủy nói riêng và TP Cần Thơ nói chung là điều hết sức cần thiết nhằm đảm bảo khả năng thoát nước, hạn chế tác động đến môi trường và phát triển đô thị một cách bền vững.</subfield>
  </datafield>
  <datafield tag="650" ind1=" " ind2=" ">
   <subfield code="a">Kỹ thuật thủy lợi,Irrigation engineering</subfield>
  </datafield>
  <datafield tag="910" ind1=" " ind2=" ">
   <subfield code="b">tvtrong</subfield>
  </datafield>
  <datafield tag="910" ind1=" " ind2=" ">
   <subfield code="c">tvtrong,tvtrong</subfield>
  </datafield>
  <datafield tag="980" ind1=" " ind2=" ">
   <subfield code="a">Trung tâm Học liệu Trường Đại học Cần Thơ</subfield>
  </datafield>
 </record>
</collection>
